000
00250nam a2200097Ia 4500
008
241105s9999 xx 000 0 und d
041
_a
eng
100
_a
Patil R.
_9
181800
245
_a
Intrastrate Bus Station
260
_b
Final Year B. Arch, BNCA
_c
2000
999
_c
359982
_d
359982